APAH - Art Movements - Statistics

General Stats
  • This quiz has been taken 12 times
    6 since last reset
  • The average score is 6 of 80
Answer Stats
Start Date End Date Major Region Movement or Culture % Correct
600 BCE 400 BCE Greece Archaic
50%
480 BCE 323 BCE Greece Classical
50%
323 BCE 30 BCE Greece Hellenistic
50%
1750 1815 Europe Neoclassicism
50%
8000 BCE 3000 BCE Near East Neolithic
50%
30000 BCE 8000 BCE Near East Paleolithic
50%
3500 BCE 2340 BCE Iraq Sumerian
50%
1792 BCE 1750 BCE Iraq Babylonian
25%
1600 1750 Europe & Americas Baroque
25%
1980 Present Global Contemporary
25%
1400 1500 Italy Early Renaissance
25%
1550 BCE 1070 BCE Egypt New Kingdom
25%
1400 1600 Northern Europe Northern Renaissance
25%
2575 BCE 2134 BCE Egypt Old Kingdom
25%
559 BCE 331 BCE Iran Persian
25%
1848 1870 Europe & Americas Realism
25%
1700 1750 France Rococo
25%
1789 1848 Europe & Americas Romanticism
25%
1940 1960 New York Abstract Expressionism
0%
1350 BCE 1330 BCE Egypt Amarna Period
0%
550 1400 North America Ancient Puebloans
0%
1890 1914 Europe & Americas Art Nouveau
0%
883 BCE 612 BCE Iraq Assyrian
0%
1400 1521 Mesoamerica Aztec
0%
900 BCE 200 BCE South America Chavín
0%
1960 1970 United States Color Field Paintings
0%
1914 1940 Russia Constructivism
0%
1907 1914 France Cubism
0%
1916 1925 Switzerland; Europe & Americas Dada
0%
1917 1931 Netherlands; Europe & Americas De Stijl
0%
500 726 Eastern Mediterranean Early Byzantine
0%
1603 1868 Japan Edo Period
0%
1000 BCE 270 Italy Etruscan
0%
1905 1930s Germany Expressionism
0%
1905 1908 Europe & Americas Fauvism
0%
1140 1400 Europe Gothic
0%
202 BCE 220 China Han Dynasty
0%
1960 1965 United States Happenings
0%
1925 1935 Eastern United States Harlem Renaissance
0%
794 1185 Japan Heian Period
0%
500 700 British Isles Hiberno-Saxon
0%
1495 1520 Italy High Renaissance
0%
726 843 Eastern Mediterranean Iconoclastic Controversy
0%
1256 1335 Iran Ilkhanate
0%
1872 1890 France Impressionism
0%
1438 1532 South America Inka
0%
1920 1960 Europe (architecture) International Style
0%
630 Present Global Islamic Art
0%
1392 1897 Korea Joseon Dynasty
0%
1185 1333 Japan Kamakura Period
0%
200 500 Europe Late Antique
0%
1250 1517 Syro-Egypt Mamluk Sultanate
0%
1520 1600 Italy Mannerism
0%
300 900 Mesoamerica Mayan
0%
481 714 France Merovingian
0%
1920 1960 Mexico Mexican Muralists
0%
843 1453 Eastern Mediterranean Middle and Late Byzantine
0%
1368 1644 China Ming Dynasty
0%
800 1500 North America Mississippian
0%
1336 1573 Japan Muromachi period
0%
710 794 Japan Nara Period
0%
1232 1492 Spain Nasrid Dynasty (Moors)
0%
1700 Present North America North American Indian
0%
1299 1922 Eastern Mediterranean Ottoman Empire
0%
1955 1970 Britain & United States Pop Art
0%
1880 1900 France Post-Impressionism
0%
1975 1990 Europe & United States (architecture) Postmodern
0%
221 BCE 206 BCE China Qin Dynasty
0%
27 BCE 410 Italy Roman Empire
0%
1050 1150 Europe Romanesque
0%
509 BCE 27 BCE Italy Roman Republic
0%
1501 1736 Iran Safavid Empire
0%
1150 1628 Pohnpei Saudeleur dynasty
0%
1970 1980 United States Site Art
0%
1924 1940 France Surrealism
0%
1890 1900 Europe Symbolism
0%
1911 1914 Germany The Blue Rider
0%
1905 1913 Germany The Bridge
0%
661 750 Southern Mediterranean Middle East Umayyad Caliphate
0%
1271 1368 China Yuan Dynasty
0%
No matching quizzes found
Score Distribution
Percent of People with Each Score
Percentile by Number Answered
Your Score History
You have not taken this quiz since the last reset